000 00301nam a2200109Ia 4500
008 190216s9999||||xx |||||||||||||| ||und||
100 _aWeatherburn C E
245 2 _aA First Course In Mathematical Statistics
260 _bThe English Language Book Society
_c1946
650 _aMathematics
942 _cBK
999 _c37162
_d37162